Arqueología histórica antártica: aborígenes sudamericanos en los mares subantárticos en el siglo XIX
Saved in:
| Hovedforfatter: | |
|---|---|
| Format: | Bog |
| Sprog: | spansk |
| Udgivet: |
Santiago
Centro de Investigaciones Diego Barros Arana
2003
|
| Udgivelse: | 1a. ed |
| Serier: | Antropología, 6
|
| Fag: | |
| Tags: |
Tilføj Tag
Ingen Tags, Vær først til at tagge denne postø!
|
MARC
| LEADER | 00000nam a2200000 a 4500 | ||
|---|---|---|---|
| 001 | UCH2040 | ||
| 003 | CL-VaPUC | ||
| 008 | 090528e20030000CL |||||||||||||||||spa|d | ||
| 020 | |a 9562441636 | ||
| 082 | 0 | 4 | |a 980.43 |b STE |2 21 |
| 100 | 0 | |a Stehberg Landsberger, Rubén |e author |9 536672 | |
| 245 | 1 | 0 | |a Arqueología histórica antártica: aborígenes sudamericanos en los mares subantárticos en el siglo XIX |
| 250 | |a 1a. ed | ||
| 300 | |a 202 p | ||
| 942 | |c BK | ||
| 945 | |d 20090528 00:00:00 |a rbrito | ||
| 260 | |a Santiago |b Centro de Investigaciones Diego Barros Arana |c 2003 | ||
| 600 | 0 | 7 | |a FUEGUINOS |2 CL-VaPUC |9 509035 |
| 650 | 0 | |a Arqueología |9 265619 | |
| 650 | 0 | |a Regiones Antárticas |9 259954 | |
| 650 | 0 | |a Antigüedades |9 266390 | |
| 650 | 7 | |a CAZA DE LOBOS MARINOS |2 CL-VaPUC |9 536673 | |
| 650 | 7 | |a INDIOS FUEGUINOS |2 CL-VaPUC |9 536674 | |
| 583 | |a last modification |c 20090528 00:00:00 |k Rodrigo Vera | ||
| 490 | 0 | |a Antropología, 6 | |
| 999 | |c 333893 |d 333891 | ||
| 952 | |0 0 |1 0 |4 0 |6 980_430000000000000_STE_2003 |7 0 |8 A |9 422547 |a BIBHIS |b BIBHIS |d 2019-11-22 |i 4550951 |o 980.43 STE 2003 |p 4550951 |r 2025-01-20 |w 2019-11-22 |y BK |k HIS | ||